|
|
|
|
| LEADER |
02887nam a22006135i 4500 |
| 001 |
978-3-540-74999-8 |
| 003 |
DE-He213 |
| 005 |
20151204150433.0 |
| 007 |
cr nn 008mamaa |
| 008 |
100301s2007 gw | s |||| 0|eng d |
| 020 |
|
|
|a 9783540749998
|9 978-3-540-74999-8
|
| 024 |
7 |
|
|a 10.1007/978-3-540-74999-8
|2 doi
|
| 040 |
|
|
|d GrThAP
|
| 050 |
|
4 |
|a QA75.5-76.95
|
| 072 |
|
7 |
|a UNH
|2 bicssc
|
| 072 |
|
7 |
|a UND
|2 bicssc
|
| 072 |
|
7 |
|a COM030000
|2 bisacsh
|
| 082 |
0 |
4 |
|a 025.04
|2 23
|
| 245 |
1 |
0 |
|a Evaluation of Multilingual and Multi-modal Information Retrieval
|h [electronic resource] :
|b 7th Workshop of the Cross-Language Evaluation Forum, CLEF 2006, Alicante, Spain, September 20-22, 2006, Revised Selected Papers /
|c edited by Carol Peters, Paul Clough, Fredric C. Gey, Jussi Karlgren, Bernardo Magnini, Douglas W. Oard, Maarten de Rijke, Maximilian Stempfhuber.
|
| 264 |
|
1 |
|a Berlin, Heidelberg :
|b Springer Berlin Heidelberg,
|c 2007.
|
| 300 |
|
|
|a XXIV, 1000 p.
|b online resource.
|
| 336 |
|
|
|a text
|b txt
|2 rdacontent
|
| 337 |
|
|
|a computer
|b c
|2 rdamedia
|
| 338 |
|
|
|a online resource
|b cr
|2 rdacarrier
|
| 347 |
|
|
|a text file
|b PDF
|2 rda
|
| 490 |
1 |
|
|a Lecture Notes in Computer Science,
|x 0302-9743 ;
|v 4730
|
| 505 |
0 |
|
|a I: Multilingual Textual Document Retrieval (Ad Hoc) -- II: Domain-Specific Information Retrieval (Domain-Specific) -- III: Interactive Cross-Langauge Information Retrieval (i-CLEF) -- IV: Multiple Language Question Answering (QA@CLEF) -- V: Cross-Language Retrieval in Image Collections (ImageCLEF) -- VI: Cross-Language Speech Retrieval (CLSR) -- VII: Multilingual Web Track (WebCLEF) -- VIII: Cross-Language Geographical Retrieval (GeoCLEF).
|
| 650 |
|
0 |
|a Computer science.
|
| 650 |
|
0 |
|a Data mining.
|
| 650 |
|
0 |
|a Information storage and retrieval.
|
| 650 |
|
0 |
|a Artificial intelligence.
|
| 650 |
|
0 |
|a Computational linguistics.
|
| 650 |
1 |
4 |
|a Computer Science.
|
| 650 |
2 |
4 |
|a Information Storage and Retrieval.
|
| 650 |
2 |
4 |
|a Artificial Intelligence (incl. Robotics).
|
| 650 |
2 |
4 |
|a Information Systems Applications (incl. Internet).
|
| 650 |
2 |
4 |
|a Language Translation and Linguistics.
|
| 650 |
2 |
4 |
|a Data Mining and Knowledge Discovery.
|
| 700 |
1 |
|
|a Peters, Carol.
|e editor.
|
| 700 |
1 |
|
|a Clough, Paul.
|e editor.
|
| 700 |
1 |
|
|a Gey, Fredric C.
|e editor.
|
| 700 |
1 |
|
|a Karlgren, Jussi.
|e editor.
|
| 700 |
1 |
|
|a Magnini, Bernardo.
|e editor.
|
| 700 |
1 |
|
|a Oard, Douglas W.
|e editor.
|
| 700 |
1 |
|
|a Rijke, Maarten de.
|e editor.
|
| 700 |
1 |
|
|a Stempfhuber, Maximilian.
|e editor.
|
| 710 |
2 |
|
|a SpringerLink (Online service)
|
| 773 |
0 |
|
|t Springer eBooks
|
| 776 |
0 |
8 |
|i Printed edition:
|z 9783540749981
|
| 830 |
|
0 |
|a Lecture Notes in Computer Science,
|x 0302-9743 ;
|v 4730
|
| 856 |
4 |
0 |
|u http://dx.doi.org/10.1007/978-3-540-74999-8
|z Full Text via HEAL-Link
|
| 912 |
|
|
|a ZDB-2-SCS
|
| 912 |
|
|
|a ZDB-2-LNC
|
| 950 |
|
|
|a Computer Science (Springer-11645)
|